| 000 | 00624nam a2200193Ia 4500 | ||
|---|---|---|---|
| 005 | 20250923145111.0 | ||
| 008 | 008 250917s9999 xx 000 0 eng d | ||
| 037 | _aTextual | ||
| 040 |
_aDSWL _beng _cDSWL |
||
| 041 |
_aeng _2eng |
||
| 084 |
_aYx,Z2-zx;6-Jip51N54, N55 _qDSWL |
||
| 245 | 0 |
_aEuropean exchange plan seminar on the institutional treatment of juvennile offenders _cby United Nations |
|
| 260 |
_aNew York _b United Nations _c1955 |
||
| 300 | _avii,198 p. | ||
| 365 |
_aUSD _b0.8 |
||
| 925 | _g0.8 | ||
| 942 |
_cTEXL _hYx,Z2-zx;6-Jip51N54, N55 |
||
| 999 |
_c1447086 _d1447086 |
||